000 00557nam a2200169 i 4500
001 47435
003 ES-MaACL
005 20251003063100.0
007 t|
008 030425s1862 sz ||||1| fre d
100 1 _aBarni, Jules,
_d1818-1878
_925735
245 1 4 _aLes martyrs de la libre-pensée
_b: cours public professé dans la salle du Grand Conseil de Genève /
_cpar Jules Barni.
260 _aGenève :
_b[s.n.],
_c1862 (
_fImp. Pfetter & Puky)
300 _aVIII, 301 p. ;
_c18 cm.
852 _aES-MaACL
_jF-9280
999 _c47435
_d47435